| 000 | 00417nam a2200121Ia 4500 | ||
|---|---|---|---|
| 008 | 220216s9999 xx 000 0 und d | ||
| 100 | _aMaheswaran A | ||
| 245 | 0 | _aProhibition and control of pollution in the rubber industry- Promulgation of regulations | |
| 260 | _bProceedings of the RRIM Planters Conference, Kuala Lumpur, 1977; p189-200 | ||
| 650 | _aPollution control | ||
| 650 | _aRubber industry | ||
| 942 | _cJS | ||
| 999 |
_c65924 _d65924 |
||